Statistics for Beatles Songs & Trivia (Intermediate)

Click here to take the quiz!

General Stats

  • This quiz has been taken 587 times
  • The average score is 13 of 14

Answer Stats

HintAnswer% Correct
The Beatles' hometownLiverpool
98%
"Ob-La-Di-Ob-La-__"Da
95%
Wrote "Octopus's Garden"Ringo Starr
95%
"Within or ___ You"Without
94%
Owner of a silver hammerMaxwell
93%
What is Paul missing on the cover of Abbey Road?Shoes
93%
George's favorite Indian instrumentSitar
92%
Who was the walrus?Paul McCartney
92%
Paul's 2nd most famous bandWings
92%
Sings in the dead of nightBlackbird
88%
Record label founded by the Fab FourApple
87%
The love you take is equal to the love you ___Make
83%
Lead guitarist on "While My Guitar Gently Weeps"Eric Clapton
80%
JoJo was a man who thought he was a ____Loner
76%

Score Distribution

Percentile by Number Answered

Percent of People with Each Score

Your Score History

You have not taken this quiz